<?xml version="1.0" encoding="UTF-8"?>
<marc:record xmlns:marc="http://www.loc.gov/MARC21/slim">
   <marc:leader>00000nam a2200000 a 4500</marc:leader>
   <marc:datafield ind1="1" ind2=" " tag="100">
      <marc:subfield code="a">Chevalier, Tracy</marc:subfield>
      <marc:subfield code="4">aut</marc:subfield>
      <marc:subfield code="e">Verfasser/-in</marc:subfield>
   </marc:datafield>
   <marc:datafield ind1="0" ind2="0" tag="245">
      <marc:subfield code="a">Girl with a Pearl Earring</marc:subfield>
   </marc:datafield>
   <marc:datafield ind1="0" ind2="0" tag="245">
      <marc:subfield code="c">Tracy Chevalier</marc:subfield>
   </marc:datafield>
   <marc:datafield ind1=" " ind2="1" tag="264">
      <marc:subfield code="a">London</marc:subfield>
      <marc:subfield code="b">Harper Collins Publ.</marc:subfield>
      <marc:subfield code="c">2000</marc:subfield>
   </marc:datafield>
   <marc:datafield ind1="1" ind2=" " tag="520">
      <marc:subfield code="a">Über Jan Vermeer, genannt Vermeer van Delft, gibt es wenige gesicherte biografische Informationen. Deshalb ist Tracy Chevaliers Kunstgriff, in ihrem Roman die Geschehnisse im Haus des Malers über die Jahre 1664 bis 1666 hin aus der Sicht der Magd Griet zu erzählen, ein geschickter Schachzug. Griet kommt als 16-Jährige, aus ärmlichen Verhältnissen stammend, ins Haus und erweist sich nicht nur als gute Dienstmagd, sondern sie ist auch geschickt im Umgang mit Farben. Auf Veranlassung eines reichen Gönners malt Vermeer Griet; beide bekommen eine Menge Ärger deshalb. "Das Mädchen mit der Perle" wird eines seiner berühmtesten Bilder werden.</marc:subfield>
   </marc:datafield>
   <marc:datafield ind1=" " ind2=" " tag="020">
      <marc:subfield code="a">9780006513209</marc:subfield>
      <marc:subfield code="9">9780006513209</marc:subfield>
   </marc:datafield>
   <marc:datafield ind1=" " ind2=" " tag="041">
      <marc:subfield code="a">ger</marc:subfield>
   </marc:datafield>
   <marc:datafield ind1=" " ind2=" " tag="500">
      <marc:subfield code="a">Dt. Ausg. u.d.Tit.: Das Mädchen mit dem Perlenohrring</marc:subfield>
   </marc:datafield>
   <marc:datafield ind1="1" ind2=" " tag="521">
      <marc:subfield code="a">0</marc:subfield>
   </marc:datafield>
   <marc:datafield ind1=" " ind2=" " tag="300">
      <marc:subfield code="a">248 S.</marc:subfield>
   </marc:datafield>
</marc:record>
